| 000 | 01307naa a22003377a 4500 | ||
|---|---|---|---|
| 001 | BR7805541 | ||
| 003 | BR-BrBNA | ||
| 005 | 20240918174222.0 | ||
| 007 | ta | ||
| 008 | 230509b bl.||||| |||| 00| 0 por d | ||
| 040 |
_aBR-BrBNA _bpor _cBiblioteca Nacional de Agricultura |
||
| 041 | _a(Pt) | ||
| 072 |
_aC00; A50 _b2480 _bG514 |
||
| 090 | _aC00 BR7805541 | ||
| 100 | 1 | _aMoraes, V.H. de F. | |
| 100 | 1 | _aValois, A.C.C. | |
| 111 | 1 |
_a2. Seminario Nacional da Seringueira _cRio Branco, AC (Brazil) _d16 Jun 1976 |
|
| 245 | 1 | _aPrioridades nacionais de pesquisa em heveicultura [Borracha brasileira; Seringueira; Hevea brasiliensis; Pesquisa Agricola; Politica de pesquisa; Extensao rural; Brasil] | |
| 260 | 3 |
_aRio de Janeiro, RJ (Brasil): _c1978. |
|
| 500 | _aAnais do 2. Seminario Nacional da Seringueira Rio de Janeiro, RJ (Brasil): 1978. p. 115-132 (BR7805541-AM)C00 | ||
| 650 | _aBORRACHA BRASILEIRA | ||
| 650 | _aSERINGUEIRA | ||
| 650 | _aASSISTENCIA TECNICA | ||
| 650 | _aPESQUISA AGRICOLA | ||
| 650 | _aPLANEJAMENTO DE PESQUISA | ||
| 650 | _aPOLITICA DE PESQUISA | ||
| 650 | _aHEVEICULTURA | ||
| 773 | 0 |
_tAnais do 2. Seminario Nacional da Seringueira _wC00 BR7805541 _gRio de Janeiro, RJ (Brasil), 1978. p. 115-132 |
|
| 909 |
_a202404 _bLucia _c55 _dLucia Elande |
||
| 942 |
_cAM _2AGRIS |
||
| 999 |
_c309663 _d309663 |
||